Progress In Medical Virology / (Record no. 60773)
[ view plain ]
| 000 -LEADER | |
|---|---|
| fixed length control field | 00784nam a2200169Ia 4500 |
| 008 - FIXED-LENGTH DATA ELEMENTS--GENERAL INFORMATION | |
| fixed length control field | 100601 1987fr e 000 0|eng d |
| 020 ## - INTERNATIONAL STANDARD BOOK NUMBER | |
| International Standard Book Number | 3805544685;3805550774 (Vol. 37);3805556004;3805521618 |
| 040 ## - CATALOGING SOURCE | |
| Original cataloging agency | ABU,Za |
| 050 ## - LIBRARY OF CONGRESS CALL NUMBER | |
| Classification number | QR 360 |
| 100 ## - MAIN ENTRY--PERSONAL NAME | |
| Personal name | Melnick, Joseph L. |
| 245 #0 - TITLE STATEMENT | |
| Title | Progress In Medical Virology / |
| Statement of responsibility, etc. | edited by Joseph, L. Melnick |
| 260 ## - PUBLICATION, DISTRIBUTION, ETC. | |
| Place of publication, distribution, etc. | Paris: |
| Name of publisher, distributor, etc. | Karger |
| Date of publication, distribution, etc. | 1987 |
| 300 ## - PHYSICAL DESCRIPTION | |
| Extent | vii.;205p. |
| 504 ## - BIBLIOGRAPHY, ETC. NOTE | |
| Bibliography, etc. note | Includes Bibliographical References And Index |
| 700 ## - ADDED ENTRY--PERSONAL NAME | |
| Personal name | O. Akacem;B. Blondel;R. D. Dix;M. Girard;M. J. P. Lawman;R. ross Chicago;R. C. Wardley |
No items available.